00756naa#a2200181#i#4500001001600000005001700016011001400033100004100047101000800088102000700096200023600103210005600339215001000395608004500405675005800450700005200508856001400560RU\\bibl\11980320260418080548.6##a2782-4586##a20260331b2026####ek#y0rusy0150####ca0#aENG##aRU1#aМеждународные рейтинговые агентства и их роль на мировом финансовом рынке: современные тенденции и вызовыeЖурнальная статья1#aМоскваcУниверситет ИТБОd2026##a6 с.##aЖурнальная статья2local##aМеждународные финансы. 339.7zENG#1aТарбаgКамила Раждениевна4#ajomeam.ru